Исследование динамики гирокомпаса с торсионным подвесом при линейной гармонической вибрации основания: Диссертация на соискание ученой степени кандидата технических наук

Մատենագիտական մանրամասներ
Հիմնական հեղինակ: Нестеренко В. П.
Համատեղ հեղինակ: Томский политехнический институт
Այլ հեղինակներ: Копытов В. И. (научный руководитель)
Լեզու:ռուսերեն
Հրապարակվել է: Томск, 1972
Խորագրեր:
Ձևաչափ: Գիրք
KOHA link:https://koha.lib.tpu.ru/cgi-bin/koha/opac-detail.pl?biblionumber=131871

MARC

LEADER 00000nbm0a2200000 4500
001 131871
005 20231031134629.0
035 |a (RuTPU)RU\TPU\book\142805 
090 |a 131871 
100 |a 20080222d1972 k y0rusy50 ca 
101 0 |a rus 
102 |a RU 
105 |a a m 001zy 
200 1 |a Исследование динамики гирокомпаса с торсионным подвесом при линейной гармонической вибрации основания  |e Диссертация на соискание ученой степени кандидата технических наук  |f В. П. Нестеренко  |g Томский политехнический институт ; науч. рук. В. И. Копытов 
210 |a Томск  |d 1972 
215 |a 141 л.  |c ил. 
320 |a Библиогр.: с. 134 -138 ( 49 назв.) 
610 1 |a гирокомпасы 
610 1 |a торсионы 
610 1 |a подвесы 
610 1 |a вибрирующие основания 
610 1 |a динамика 
610 1 |a колебания 
610 1 |a резонанс 
610 1 |a демпфирование 
610 1 |a вращательные движения 
610 1 |a девиация 
610 1 |a экспериментальное исследование 
610 1 |a диссертации 
675 |a 531.383(04)  |v 3 
700 1 |a Нестеренко  |b В. П. 
702 1 |a Копытов  |b В. И.  |4 727 
712 0 2 |a Томский политехнический институт  |z 1944-1991  |2 stltpush  |3 (RuTPU)RU\TPU\col\1123 
801 1 |a RU  |b 63413507  |c 20080222  |g PSBO 
801 2 |a RU  |b 63413507  |c 20080225  |g PSBO 
942 |c BK